000 00577nam a2200181Ia 4500
003 GCL
008 140319s9999 xx 000 0 ara d
040 _aGCL /
_cGCL
082 0 4 _a964
_bع م
100 1 _aعبدالواحد المراكشى
245 1 0 _aالمعجب فى تلخيص اخبار المغرب /
_cعبدالواحد المراكشى
260 _a[S.N] :
_bدار الفرجانى للنشر والتوزيع ،
_c1994
300 _a382 ص
490 _aمن تراث المغرب
_v0
650 0 4 _aتاريخ
650 0 4 _aالمغرب
942 _2ddc
_cBK
999 _c53351
_d53351